|
|
|
|
| LEADER |
00000nam a2200000 a 4500 |
| 001 |
vtls001459127 |
| 003 |
SK-MaSNL |
| 005 |
20260301163228.0 |
| 008 |
160624s2003 xo 0 und |
| 035 |
|
|
|a SNK000414434
|
| 040 |
|
|
|a SNK
|b slo
|c SNK
|e AACR2
|
| 044 |
|
|
|a xo
|c SK
|
| 245 |
1 |
|
|a STN EN 50083-3 Káblové siete pre televízne signály, rozhlasové signály a interaktívne slúžby
|n Časť 3: Aktívne širokopásmové zariadenia pre koaxiálne káblové siete
|
| 260 |
|
|
|a Bratislava
|b Slovenský ústav technickej normalizácie
|c 2003
|
| 300 |
|
|
|a 56 s.
|
| 655 |
|
7 |
|a normy
|2 SNK
|9 70643
|
| 999 |
|
|
|c 816213
|d 818143
|
| 952 |
|
|
|t P60, <03>, [BOOK], {603}
|a SNK
|b SNK
|y PREZ
|7 0
|p 17A0395166
|o snkSTN EN 50083-3
|i snkN 1069/2003
|0 0
|1 0
|4 0
|d 2003-08-27
|l 0
|r 2005-01-02 00:00:00
|w 2026-02-24
|
| 952 |
|
|
|a SNK
|b SNK
|y PREZ
|7 0
|p 17A0395165
|o snkSTN EN 50083-3 D1
|i snkN 1070/2003
|8 0
|0 0
|1 0
|4 0
|d 2003-08-27
|l 0
|r 2005-01-02 00:00:00
|w 2026-02-24
|